Κατάλογος Βιβλιοθηκών Mediterranean College

Διαχείρηση Προσωπικού σε Περίοδο Κρίσης (Record no. 8598)

MARC details
000 -LEADER
fixed length control field 01482cam a22001934a 4500
005 - ΗΜΕΡΟΜΗΝΙΑ ΚΑΙ ΩΡΑ ΤΕΛΕΥΤΑΙΑΣ ΕΝΗΜΕΡΩΣΗΣ
Πεδίο ελέγχου 20250605164341.0
008 - FIXED-LENGTH DATA ELEMENTS--GENERAL INFORMATION
Πεδίο ελέγχου σταθερού μήκους 250528s ||||||||||||||||||||||||d
035 ## - SYSTEM CONTROL NUMBER
System control number 23598
040 ## - ΠΗΓΗ ΚΑΤΑΛΟΓΟΓΡΑΦΗΣΗΣ
Φορέας πρωτότυπης καταλογογράφησης MC Athens Campus Library
Γλώσσα καταλογογράφησης Ελληνικά, Μοντέρνα (1453-)
Modifying agency MC Athens Campus Library
Κανόνες περιγραφικής καταλογογράφησης AACR2
245 1# - ΤΙΤΛΟΣ ΚΑΙ ΔΗΛΩΣΗ ΥΠΕΥΘΥΝΟΤΗΤΑΣ
Τίτλος Διαχείρηση Προσωπικού σε Περίοδο Κρίσης
260 ## - PUBLICATION, DISTRIBUTION, ETC.
Date of publication, distribution, etc. 2013
300 ## - PHYSICAL DESCRIPTION
Extent 36
520 ## - SUMMARY, ETC.
Summary, etc. Εισαγωγή, η Οικονομική Κρίση Σήμερα, Συνοπτική Ανάλυση της Οικονομικής Κρίσης, Αναδρομή στις Πρόσφατες Κρίσεις, τι Διαφοροποιεί τη Σημερινή Κρίση, Αιτία, Επιπτώσεις, Ηγεσία, Ορισμός, Βασικά Ηγετικά Στυλ, Μάνατζμεντ και Ηγεσία, Ικανότητες - Δεξιότητες του Ηγέτη, Στρατηγικές Διάσωσης, Διοίκηση Ανθρωπίνων Πόρων (Δ.Α.Π), Ορισμός, ο Ρόλος της ΔΑΠ, Στόχοι, η Δ.Α.Π Σήμερα, ο Μετασχηματισμός του HR, ΔΑΠ και Οικονομική Κρίση, Τάσεις - Κλειδιά σε Περίοδο Κρίσης, Δέσμευση Εργαζομένων σε Περίοδο Κρίσης, Συμπεράσματα, Βιβλιογραφία.
700 1# - ΠΡΟΣΘΕΤΗ ΑΝΑΓΡΑΦΗ--ΦΥΣΙΚΟ ΠΡΟΣΩΠΟ
Personal name Κοτσολάκη Αγγελική
9 (RLIN) 9184
700 1# - ΠΡΟΣΘΕΤΗ ΑΝΑΓΡΑΦΗ--ΦΥΣΙΚΟ ΠΡΟΣΩΠΟ
Personal name Σκουτέρης Θεόδωρος
9 (RLIN) 9186
942 ## - ADDED ENTRY ELEMENTS (KOHA)
Koha item type Διπλωματική εργασία
Holdings
Τύπος τεκμηρίου Βιβλιοθήκη Τρέχουσα τοποθεσία Barcode Ημερομηνία απόκτησης Ταξιθετικό σύμβολο Αριθμός αντιτύπου Κατάσταση απόσυρσης Κατάσταση χαμένου Κατάσταση κατεστραμμένου Μη δανεισμός Σύνολο δανεισμών Ημερομηνία τελευταίας εμφάνισης Η τιμή ισχύει από
Διπλωματική εργασία MC Athens Campus Library MC Athens Campus Library 9780000085979 05/06/2025 BUS 2013 (26) 1           05/06/2025 05/06/2025

MC Athens Campus Library
Πατησίων 94 & Κοδριγκτώνος 13, 104 34
Πελλήνης 8 & Πατησίων 107, 112 51
Τ: +30 210 8899600

MC Thessaloniki Campus Library
Ίωνος Δραγούμη 21, 54625 | Ίωνος Δραγούμη 15, 54625
Τ: +30 2310 287779 – Τ: +30 2314 440300